| 000 | 00553cam3a220019300 4500 | ||
|---|---|---|---|
| 001 | tmp15529230 | ||
| 003 | UPRA | ||
| 005 | 20190816084843.0 | ||
| 008 | 950906s1966 fr fre u | ||
| 035 | _a(Sirsi) r124090 | ||
| 035 | _a(UPRA)tmp15529230 | ||
| 040 | _cUPRA | ||
| 100 | 1 |
_aHeriat, Philippe, 1898-1971. _dHeriat, Philippe, 1898-1971. _6A44302.1 |
|
| 245 | 1 | 4 | _aLes enfants g^ates. |
| 260 |
_a[Paris] : _bGallimard, _c[1966] |
||
| 440 | 0 |
_aLivre de poche _6S322.1 |
|
| 949 |
_aPQ2615.E66 _wlcc _i-178309 _mMAIN _tBOOK _lON-SHELF |
||
| 004 | 124090 | ||
| 999 |
_c79837 _d79838 |
||